[Event "Campeonato de España FEDC 2014"]
[Site "Linares ESP"]
[Date "2014.11.23"]
[Round "8.14"]
[White "Garcia Andrinal, Antonio"]
[Black "Ariste Justo, Jesus Angel"]
[Result "0-1"]
[WhiteElo "1726"]
[BlackElo "1858"]
[PlyCount "52"]
[EventDate "2014.11.16"]
[EventType "swiss"]
[EventRounds "8"]
[EventCountry "ESP"]
[Source "lmi"]
[SourceDate "2014.11.16"]

1. e4 c5 2. Nf3 e6 3. d4 cxd4 4. Nxd4 a6 5. Nc3 Qc7 6. g3 b5 7. Bg2 Bb7 8. O-O
Nf6 9. a3 Nc6 10. Re1 Be7 11. g4 Nxd4 12. Qxd4 h5 13. g5 Bc5 14. Qd3 Ng4 15.
Be3 Qxh2+ 16. Kf1 Nxe3+ 17. Rxe3 Bxe3 18. Qxe3 h4 19. Bf3 Qe5 20. Rd1 h3 21.
Ke2 a5 22. Qd3 Bc6 23. a4 bxa4 24. Qd2 Rb8 25. Bh1 Rh4 26. Rg1 Rxb2 0-1

[Event "Campeonato de España FEDC 2014"]
[Site "Linares ESP"]
[Date "2014.11.23"]
[Round "8.15"]
[White "Coves Sepulcre, Laureano"]
[Black "Merino Gomez, Aurelio"]
[Result "1-0"]
[WhiteElo "1840"]
[BlackElo "1696"]
[PlyCount "87"]
[EventDate "2014.11.16"]
[EventType "swiss"]
[EventRounds "8"]
[EventCountry "ESP"]
[Source "lmi"]
[SourceDate "2014.11.16"]

1. c4 e5 2. Nc3 Nc6 3. Nf3 f5 4. d4 e4 5. Ng5 h6 6. Nh3 Nf6 7. e3 Bb4 8. Bd2
O-O 9. Nf4 Ne7 10. Nxe4 Bxd2+ 11. Nxd2 Qe8 12. Be2 c6 13. O-O d6 14. b4 Bd7 15.
Qb3 Qc8 16. Rac1 Kh7 17. b5 g5 18. Nd3 Ng6 19. bxc6 bxc6 20. Rb1 Qc7 21. Qb7
Qa5 22. Qb2 Qd8 23. Qa3 Qc7 24. Rb3 Ne4 25. Nxe4 fxe4 26. Nb4 Bc8 27. Na6 Qe7
28. c5 d5 29. Qb2 Nh4 30. Qc2 g4 31. Nb4 Qf6 32. g3 Nf3+ 33. Kh1 a5 34. Nxd5
cxd5 35. c6 Rf7 36. Rfb1 Nxh2 37. Bd1 Nf3 38. Rb7 Qg6 39. Rxf7+ Qxf7 40. Bxf3
gxf3 41. Kg1 Ba6 42. Qc5 Ra7 43. Qxa5 Bc4 44. Qxa7 1-0

[Event "Campeonato de España FEDC 2014"]
[Site "Linares ESP"]
[Date "2014.11.23"]
[Round "8.16"]
[White "Lopez Perez, Angel Luis"]
[Black "Escabias Perez, Miguel"]
[Result "0-1"]
[WhiteElo "1769"]
[BlackElo "1590"]
[PlyCount "67"]
[EventDate "2014.11.16"]
[EventType "swiss"]
[EventRounds "8"]
[EventCountry "ESP"]
[Source "lmi"]
[SourceDate "2014.11.16"]

1. e4 c5 2. c3 e6 3. d4 cxd4 4. cxd4 Nf6 5. Nc3 Bb4 6. Bd3 Nc6 7. Be3 d5 8. e5
Ne4 9. Nge2 Qa5 10. Qc2 Bd7 11. O-O Nxc3 12. bxc3 Be7 13. Qd2 h6 14. Ng3 O-O-O
15. Rfb1 Kb8 16. Qb2 Qc7 17. a4 Na5 18. Bc1 Rc8 19. Ne2 g5 20. Qa2 h5 21. Ba3
Bxa3 22. Qxa3 Bc6 23. Rb4 Bd7 24. Qa2 g4 25. Bb5 h4 26. Rab1 g3 27. fxg3 hxg3
28. h3 Ka8 29. Nc1 Qxc3 30. Ne2 Qe3+ 31. Kh1 Rxh3+ 32. gxh3 Qf3+ 33. Kg1 Qf2+
34. Kh1 0-1

[Event "Campeonato de España FEDC 2014"]
[Site "Linares ESP"]
[Date "2014.11.23"]
[Round "8.17"]
[White "Escalante Ortega, Fernando"]
[Black "De Los Heros Torres, Francisco"]
[Result "1-0"]
[WhiteElo "1814"]
[BlackElo "1624"]
[PlyCount "71"]
[EventDate "2014.11.16"]
[EventType "swiss"]
[EventRounds "8"]
[EventCountry "ESP"]
[Source "lmi"]
[SourceDate "2014.11.16"]

1. e4 e6 2. Nf3 d5 3. Nc3 dxe4 4. Nxe4 Nf6 5. Nxf6+ Qxf6 6. d4 Qd8 7. Be3 Be7
8. Bd3 Nd7 9. Qd2 h6 10. O-O-O Nb6 11. c3 Bd7 12. h4 Nd5 13. Kb1 c6 14. g4 Qb6
15. Ne5 Bd6 16. Nc4 Qc7 17. Nxd6+ Qxd6 18. c4 Nxe3 19. Qxe3 O-O-O 20. c5 Qc7
21. Be2 Kb8 22. Qe5 Qxe5 23. dxe5 Bc8 24. Rd6 Kc7 25. Rhd1 Rd7 26. Kc2 Rhd8 27.
f4 Rxd6 28. Rxd6 Rxd6 29. cxd6+ Kb6 30. Kd3 Bd7 31. Ke4 Kc5 32. g5 hxg5 33.
fxg5 g6 34. h5 gxh5 35. Bxh5 Be8 36. Bxf7 1-0

[Event "Campeonato de España FEDC 2014"]
[Site "Linares ESP"]
[Date "2014.11.23"]
[Round "8.19"]
[White "Garcia Cervigon, Juan Pablo"]
[Black "Gil Dominguez, Angel Jesus"]
[Result "1/2-1/2"]
[WhiteElo "1709"]
[BlackElo "1571"]
[PlyCount "48"]
[EventDate "2014.11.16"]
[EventType "swiss"]
[EventRounds "8"]
[EventCountry "ESP"]
[Source "lmi"]
[SourceDate "2014.11.16"]

1. d4 Nf6 2. c4 e6 3. Nc3 Bb4 4. e3 O-O 5. Nge2 b6 6. a3 Bxc3+ 7. Nxc3 Bb7 8.
Qc2 d6 9. e4 Nbd7 10. Be2 Re8 11. O-O Rc8 12. f4 Nf8 13. Be3 c5 14. e5 dxe5 15.
dxe5 N6d7 16. Nb5 Rb8 17. Nd6 Re7 18. Nxb7 Rxb7 19. Rad1 Qc8 20. b3 f6 21. Qc3
f5 22. Rd6 Nb8 23. Bf3 Rbc7 24. Rfd1 Nc6 1/2-1/2

[Event "Campeonato de España FEDC 2014"]
[Site "Linares ESP"]
[Date "2014.11.23"]
[Round "8.21"]
[White "Samper Alarcon, Julio Alfredo"]
[Black "Fernandez Cabello, Emilio"]
[Result "1/2-1/2"]
[WhiteElo "1627"]
[BlackElo "1513"]
[PlyCount "49"]
[EventDate "2014.11.16"]
[EventType "swiss"]
[EventRounds "8"]
[EventCountry "ESP"]
[Source "lmi"]
[SourceDate "2014.11.16"]

1. e4 e6 2. Nf3 c5 3. g3 Nc6 4. d3 d6 5. Bg2 g6 6. Nbd2 Bg7 7. O-O Nge7 8. c3
Qc7 9. Nc4 O-O 10. Bf4 e5 11. Be3 Bd7 12. Qd2 Rac8 13. Bh6 b5 14. Na3 a6 15.
Bxg7 Kxg7 16. Qg5 f5 17. Qd2 f4 18. Rad1 Rcd8 19. Nc2 Na5 20. b3 c4 21. b4 cxd3
22. Qxd3 Nc4 23. Rb1 d5 24. Rfe1 dxe4 25. Qxe4 1/2-1/2

[Event "Campeonato de España FEDC 2014"]
[Site "Linares ESP"]
[Date "2014.11.23"]
[Round "8.22"]
[White "Menendez Solar, Jose Carlos"]
[Black "Garcia Cruz, Francisco"]
[Result "1-0"]
[WhiteElo "1758"]
[BlackElo "1500"]
[PlyCount "41"]
[EventDate "2014.11.16"]
[EventType "swiss"]
[EventRounds "8"]
[EventCountry "ESP"]
[Source "lmi"]
[SourceDate "2014.11.16"]

1. d4 d5 2. c4 c6 3. Nf3 e6 4. g3 g6 5. Nc3 Bg7 6. e4 dxe4 7. Nxe4 Ne7 8. Bg5
O-O 9. Bf6 Qa5+ 10. Nfd2 Bxf6 11. Nxf6+ Kg7 12. Qf3 Qf5 13. Nfe4 Rd8 14. Bd3
Rxd4 15. Qe3 Rd8 16. O-O-O a5 17. Nd6 Qh3 18. Bf1 Qh6 19. Qxh6+ Kxh6 20. Nxf7+
Kg7 21. Nxd8 1-0

[Event "Campeonato de España FEDC 2014"]
[Site "Linares ESP"]
[Date "2014.11.23"]
[Round "8.23"]
[White "Sanchez Ruiz, Justo"]
[Black "Miramon Borragan, Gustavo"]
[Result "1-0"]
[WhiteElo "1708"]
[BlackElo "1626"]
[PlyCount "64"]
[EventDate "2014.11.16"]
[EventType "swiss"]
[EventRounds "8"]
[EventCountry "ESP"]
[Source "lmi"]
[SourceDate "2014.11.16"]

1. e4 e5 2. Bc4 Nc6 3. Nf3 Be7 4. d4 exd4 5. Nxd4 Ne5 6. Bb3 d6 7. Bf4 Ng6 8.
Bg3 Bf6 9. Nc3 N8e7 10. Qd3 O-O 11. O-O-O a6 12. f4 b5 13. Nf3 Bg4 14. h3 Bh5
15. Rde1 c5 16. Bd5 c4 17. Qe3 Bxc3 18. Qxc3 Nxd5 19. exd5 Bxf3 20. Qxf3 Qa5
21. Kb1 Rfe8 22. Rd1 Re7 23. f5 Ne5 24. Bxe5 Rxe5 25. f6 Rae8 26. g4 Re1 27.
Qg3 Rxh1 28. Rxh1 Qd2 29. a3 Qxd5 30. Re1 Rxe1+ 31. Qxe1 Qe6 32. Qa5 d5 1-0

[Event "Campeonato de España FEDC 2014"]
[Site "Linares ESP"]
[Date "2014.11.23"]
[Round "8.24"]
[White "Juanes Paniagua, Alberto"]
[Black "Garcia Cruz, Jose Manuel"]
[Result "1/2-1/2"]
[WhiteElo "1321"]
[BlackElo "1300"]
[PlyCount "60"]
[EventDate "2014.11.16"]
[EventType "swiss"]
[EventRounds "8"]
[EventCountry "ESP"]
[Source "lmi"]
[SourceDate "2014.11.16"]

1. d4 Nf6 2. c4 g6 3. Nc3 Bg7 4. e4 d6 5. f3 O-O 6. Nge2 Nbd7 7. Ng3 e5 8. d5
a5 9. Be3 b6 10. h4 Nc5 11. h5 Ne8 12. hxg6 fxg6 13. Qd2 Qd7 14. Bh6 Nf6 15.
O-O-O Ba6 16. Bxg7 Qxg7 17. Be2 Qd7 18. Rh3 Rf7 19. Rdh1 Rg7 20. Nb5 Bb7 21.
Bd1 a4 22. Ne2 Ba6 23. Nec3 Bxb5 24. Nxb5 Rf8 25. Kb1 Ra8 26. Bc2 Nh5 27. g4
Nf4 28. Rh6 Rf8 29. Rf1 Rgf7 30. Qd1 Ra8 1/2-1/2

[Event "Campeonato de España FEDC 2014"]
[Site "Linares ESP"]
[Date "2014.11.23"]
[Round "8.25"]
[White "Lago Carballo, Carmen"]
[Black "Martinez Perez, Carlos"]
[Result "1/2-1/2"]
[WhiteElo "1447"]
[BlackElo "1508"]
[PlyCount "51"]
[EventDate "2014.11.16"]
[EventType "swiss"]
[EventRounds "8"]
[EventCountry "ESP"]
[Source "lmi"]
[SourceDate "2014.11.16"]

1. e4 e5 2. Nf3 Nf6 3. Nxe5 Nxe4 4. Qe2 Qe7 5. Qxe4 d6 6. Nc3 Qxe5 7. Qxe5+
dxe5 8. Bc4 f6 9. O-O Bf5 10. d3 Nc6 11. Be3 O-O-O 12. f3 Kb8 13. Ne4 Nd4 14.
Bxd4 Rxd4 15. Rfe1 Bxe4 16. Rxe4 Bc5 17. Kf1 g5 18. Rxd4 Bxd4 19. c3 Bc5 20. a3
h5 21. b4 Bd6 22. h3 g4 23. Kf2 gxh3 24. gxh3 h4 25. Rg1 Kc8 26. Rg8+ 1/2-1/2

[Event "Campeonato de España FEDC 2014"]
[Site "Linares ESP"]
[Date "2014.11.23"]
[Round "8.27"]
[White "Urlezaga Mandaluniz, Jose A"]
[Black "Ardila Pacheco, Julian"]
[Result "0-1"]
[WhiteElo "1284"]
[BlackElo "1215"]
[PlyCount "60"]
[EventDate "2014.11.16"]
[EventType "swiss"]
[EventRounds "8"]
[EventCountry "ESP"]
[Source "lmi"]
[SourceDate "2014.11.16"]

1. e4 e5 2. Nf3 Nc6 3. Nc3 Nf6 4. Bc4 Nxe4 5. Nxe4 d5 6. Bxd5 Qxd5 7. d3 Be7 8.
Bd2 O-O 9. c4 Qxd3 10. Ng3 Qxc4 11. h3 Qd5 12. O-O Qe6 13. Ng5 Bxg5 14. Bxg5 f6
15. Be3 b6 16. Bd2 Rd8 17. f3 Bb7 18. Ne2 Rd7 19. Qe1 a5 20. Bh6 Rad8 21. Qg3
g6 22. f4 Qe7 23. Kh1 Rd3 24. Qh2 e4 25. h4 Nd4 26. Nxd4 R8xd4 27. Qg1 Qe6 28.
Rad1 e3 29. Rxd3 Rxd3 30. Re1 Qe4 0-1

[Event "Campeonato de España FEDC 2014"]
[Site "Linares ESP"]
[Date "2014.11.23"]
[Round "8.28"]
[White "Alarcon Alarcon, Juana"]
[Black "Calvente Aldehuela, Antonia"]
[Result "0-1"]
[WhiteElo "1322"]
[BlackElo "1362"]
[PlyCount "50"]
[EventDate "2014.11.16"]
[EventType "swiss"]
[EventRounds "8"]
[EventCountry "ESP"]
[Source "lmi"]
[SourceDate "2014.11.16"]

1. e4 e5 2. Nf3 Nc6 3. Nc3 Nf6 4. Bc4 Nxe4 5. Nxe4 d5 6. Bd3 dxe4 7. Bxe4 Bc5
8. d3 Bg4 9. O-O O-O 10. Bxh7+ Kxh7 11. Bg5 Be7 12. h3 Bxf3 13. Qxf3 Bxg5 14.
Rfe1 Kg8 15. Re4 Qf6 16. Qg4 Rad8 17. g3 Rd4 18. Rae1 Nb4 19. Rxd4 exd4 20. f4
Bh6 21. Re5 Qg6 22. Rg5 Bxg5 23. fxg5 Nxc2 24. h4 Qxd3 25. h5 Re8 0-1